000 00298 a2200145 4500
001 181491
020 _a
040 _cMagnum
100 _aPessoa, Odete Baiao
240 1 0 _aIntegracao social
_lpor
245 1 0 _aIntegracao social
362 0 _a1899
697 _aMAGNITO: ENSINO
942 _cBK
999 _c181491
_d181491